|
|
|
|
| LEADER |
00000cam a22000004a 4500 |
| 001 |
musev2_99103 |
| 003 |
MdBmJHUP |
| 005 |
20230905053406.0 |
| 006 |
m o d |
| 007 |
cr||||||||nn|n |
| 008 |
181016s2019 inu o 00 0 eng d |
| 010 |
|
|
|z 2018049895
|
| 020 |
|
|
|a 9780268104597
|
| 020 |
|
|
|z 9780268104603
|
| 020 |
|
|
|z 9780268104573
|
| 035 |
|
|
|a (OCoLC)1057731869
|
| 040 |
|
|
|a MdBmJHUP
|c MdBmJHUP
|
| 100 |
1 |
|
|a Brownson, Orestes Augustus,
|d 1803-1876,
|e author.
|
| 240 |
1 |
0 |
|a Essays.
|k Selections
|
| 245 |
1 |
4 |
|a The Catholic Writings of Orestes Brownson /
|c Michael P. Federici.
|
| 264 |
|
1 |
|a Notre Dame, Indiana :
|b University of Notre Dame Press,
|c [2019]
|
| 264 |
|
3 |
|a Baltimore, Md. :
|b Project MUSE,
|c 2022
|
| 264 |
|
4 |
|c ©[2019]
|
| 300 |
|
|
|a 1 online resource (452 pages).
|
| 336 |
|
|
|a text
|b txt
|2 rdacontent
|
| 337 |
|
|
|a computer
|b c
|2 rdamedia
|
| 338 |
|
|
|a online resource
|b cr
|2 rdacarrier
|
| 505 |
0 |
|
|a Table of contents -- Acknowledgments -- Abbreviations -- Editor's introduction -- "The day-star of freedom" (april 1856) -- "The church and the republic" (july 1856) -- "Mission of america" (october 1856) -- The convert (september 1857) -- "The great rebellion" (july 1861) -- "State rebellion, state suicide" (april 1862) -- "The federal constitution" (january 1864) -- "The president's message and proclamation" (january 1864) -- "Liberalism and progress" (october 1864) -- "Beecherism and its tendencies" (january 1871) -- "The papacy and the republic" (january 1873) -- "The democratic principle" (april 1873) -- "Constitutional guaranties" (april 1874) -- Index.
|
| 588 |
|
|
|a Description based on print version record.
|
| 650 |
|
7 |
|a Christianity and politics
|x Catholic Church.
|2 fast
|0 (OCoLC)fst01766759
|
| 650 |
|
7 |
|a PHILOSOPHY
|x Political.
|2 bisacsh
|
| 650 |
|
7 |
|a RELIGION
|x Christianity
|x Catholic.
|2 bisacsh
|
| 650 |
|
0 |
|a Christianity and politics
|x Catholic Church.
|
| 655 |
|
7 |
|a Electronic books.
|2 local
|
| 700 |
1 |
|
|a Federici, Michael P.,
|e editor.
|
| 710 |
2 |
|
|a Project Muse.
|e distributor
|
| 830 |
|
0 |
|a Book collections on Project MUSE.
|
| 856 |
4 |
0 |
|z Texto completo
|u https://projectmuse.uam.elogim.com/book/99103/
|
| 945 |
|
|
|a Project MUSE - Custom Collection
|